Охрана труда: учебник

Dettagli Bibliografici
Autore principale: Девисилов В. А. Владимир Аркадьевич
Riassunto:В учебнике изложены основные сведения по охране труда. Дано представление об основных источниках опасных и вредных факторов производственной среды, характере их воздействия на человека и предельно допустимых уровнях этого воздействия. Описаны методы и средства защиты человека, создания комфортных условий в рабочей зоне, основные причины травмирования на производстве, организационные, законодательные и экономические методы управления охраной труда. Для студентов средних специальных учебных заведений. Может быть полезен студентам вузов, обучающихся по образовательным программам бакалавров, при изучении дисциплины «Безопасность жизнедеятельности»; работникам служб охраны труда, при обучении рабочих и служащих, инструктажах по охране труда.
Исключено из фонда НТБ ТПУ
Lingua:russo
Pubblicazione: Москва, Форум, 2004
Serie:Профессиональное образование
Natura: MixedMaterials Libro
KOHA link:https://koha.lib.tpu.ru/cgi-bin/koha/opac-detail.pl?biblionumber=78226

MARC

LEADER 00000nam0a2200000 4500
001 78226
005 20231031093745.0
010 |a 5819900413 
010 |a 5-16-000987-6 
035 |a (RuTPU)RU\TPU\book\83839 
090 |a 78226 
100 |a 20050614d2004 m y0rusy50 ca 
101 0 |a rus 
102 |a RU 
105 |a a j 001zy 
200 1 |a Охрана труда  |e учебник  |f В. А. Девисилов 
210 |a Москва  |c Форум  |c Инфра-М  |d 2004 
215 |a 399 с.  |c ил. 
225 1 |a Профессиональное образование 
320 |a Литература: с. 395. 
320 |a Сокращения: с. 394-395. 
330 |a В учебнике изложены основные сведения по охране труда. Дано представление об основных источниках опасных и вредных факторов производственной среды, характере их воздействия на человека и предельно допустимых уровнях этого воздействия. Описаны методы и средства защиты человека, создания комфортных условий в рабочей зоне, основные причины травмирования на производстве, организационные, законодательные и экономические методы управления охраной труда. Для студентов средних специальных учебных заведений. Может быть полезен студентам вузов, обучающихся по образовательным программам бакалавров, при изучении дисциплины «Безопасность жизнедеятельности»; работникам служб охраны труда, при обучении рабочих и служащих, инструктажах по охране труда. 
333 |a Исключено из фонда НТБ ТПУ 
451 1 |0 (RuTPU)RU\TPU\book\117382  |y 978-5-91134-111-4  |t Охрана труда  |o учебник для среднего профессионального образования  |f В. А. Девисилов  |e 3-е изд., испр. и доп.  |c М.  |n Форум  |n Инфра-М  |d 2007  |p 446 с.  |s Профессиональное образование  |a Девисилов, Владимир Аркадьевич 
451 |y 978-5-16-002984-9 
675 |a 658.345(075.32)  |v 3 
700 1 |a Девисилов  |b В. А.  |g Владимир Аркадьевич 
801 1 |a RU  |b 63413507  |c 20050614  |g PSBO 
801 2 |a RU  |b 63413507  |c 20210610  |g PSBO 
942 |c BK